000 00639cam a22002297a 4500
001 16309953
003 OSt
005 20250901165805.0
008 100630s2010 ke | 000 f eng
010 _a 2010305469
020 _a9789966794079
040 _aDLC
_cDLC
042 _alcode
050 0 0 _aPL 8704 .K37 2011
100 1 _aKasu, Khalfan,
_d1948-
245 1 0 _aDancing the song /
_cby Khalfan Kasu.
260 _aNairobi, Kenya :
_bMarimba Publications,
_c2010.
300 _a89 p. ;
_c21 cm.
906 _a7
_bcbc
_corigode
_d4
_encip
_f20
_gy-gencatlg
942 _2lcc
_cBK
999 _c9277
_d9277